Sports Quiz

Random Sports or MLB Quiz

MLB $125m Contracts Quiz Stats

 Plays Quiz Updated Apr 1, 2020

     
Support Sporcle.
Go Orange.
Score 0/67 Timer 05:00
2 Plays Today
Value Player % Correct
275 MillionAlex Rodriguez
96.1%
252 MillionAlex Rodriguez
96.1%
426 MillionMike Trout
93.7%
330 MillionBryce Harper
91.8%
189 MillionDerek Jeter
82.6%
144.5 MillionMike Trout
79.5%
340 MillionFernando Tatis
79.2%
240 MillionAlbert Pujols
79.2%
300 MillionManny Machado
75%
365 MillionMookie Betts
74.3%
324 MillionGerrit Cole
73.1%
325 MillionGiancarlo Stanton
72.5%
215 MillionClayton Kershaw
71%
161 MillionCC Sabathia
70.3%
341 MillionFrancisco Lindor
68.4%
160 MillionManny Ramirez
68.3%
248 MillionMiguel Cabrera
62.9%
214 MillionPrince Fielder
57.8%
180 MillionJustin Verlander
57.5%
210 MillionMax Scherzer
53.8%
125 MillionJosh Hamilton
52.8%
260 MillionNolan Arenado
52.6%
240 MillionRobinson Cano
52.3%
245 MillionStephen Strasburg
51.5%
245 MillionAnthony Rendon
50.3%
215 MillionChristian Yelich
47.8%
154 MillionAdrian Gonzalez
47.5%
180 MillionMark Teixeira
46.7%
125 MillionGeorge Springer
44.5%
147 MillionZack Greinke
42.8%
206.5 MillionZack Greinke
42.6%
217 MillionDavid Price
41.8%
137.5 MillionJohan Santana
41.6%
145 MillionChris Sale
38.7%
Value Player % Correct
175 MillionStephen Strasburg
38.6%
152.3 MillionMiguel Cabrera
37.9%
225 MillionJoey Votto
37.8%
163.5 MillionJose Altuve
36.7%
137.5 MillionJacob deGrom
36.1%
161 MillionChris Davis
35.4%
175 MillionFelix Hernandez
34.7%
130 MillionPaul Goldschmidt
34.3%
126 MillionBarry Zito
34.2%
160 MillionMatt Kemp
34.2%
136 MillionAlfonso Soriano
33.3%
167 MillionBuster Posey
33%
138 MillionDavid Wright
32.7%
153 MillionJacoby Ellsbury
32.6%
155 MillionJon Lester
31.3%
125 MillionRyan Howard
29%
144 MillionCole Hamels
29%
144 MillionEric Hosmer
26.6%
184 MillionJason Heyward
25.4%
127.5 MillionMatt Cain
24.6%
184 MillionJoe Mauer
24.4%
126 MillionYu Darvish
24.3%
155 MillionMasahiro Tanaka
23.8%
135 MillionFreddie Freeman
23.6%
140 MillionPatrick Corbin
22.3%
132.75 MillionJustin Upton
22.1%
126 MillionVernon Wells
20.5%
141.5 MillionTodd Helton
20.4%
142 MillionCarl Crawford
17.9%
130 MillionJohnny Cueto
16.3%
130 MillionShin-Soo Choo
14%
126 MillionJayson Werth
13%
157.75 MillionTroy Tulowitzki
11.9%

From the Vault

3 Entertainment Threesomes

by sproutcm

Good things really do come in threes, Musketeers, Van Pelt Children, Amigos...
Remove Ads.
Support Sporcle.
Get the best of Sporcle when you Go Orange. This ad-free experience offers more features, more stats, and more fun while also helping to support Sporcle. Thank you for becoming a member.

Show Comments

Extras

Top Quizzes Today


Score Distribution

Your Account Isn't Verified!

In order to create a playlist on Sporcle, you need to verify the email address you used during registration. Go to your Sporcle Settings to finish the process.

Report this User

Report this user for behavior that violates our Community Guidelines.

Details: